000 00962nam a22002651u 4500
001 12273
003 HDC
007 cr bn ---
008 210209p2003 my eng
040 _aHDC
100 _aKamarudin Harun
_eauthor
_912785
245 0 _aMaturity stages for stalk-cut burley tobacco and their relationships with leaf chlorophyll content /
_cby Kamarudin Harun
260 _aSerdang :
_bMalaysian Agricultural Research and Development Institute (MARDI),
_c2003
300 _a2 pages
336 _atext
_2rdacontent
337 _acomputer
_2rdamedia
338 _aonline resource
_2rdacarrier
650 _aBurley tobacco
_912786
650 _aChlorophyll
_912787
650 _aMaturity stages
_912788
856 _zRequest full-text at [email protected]
942 _2lcc
942 _cAR
942 _kJART 003065
999 _c9596
_d9596